000 01181cad a22002295a 4500
001 E147589
008 090527s2009 xxk f 000 0 eng d
035 _a(Sirsi) u147589
041 0 _aeng
050 0 4 _a306.1 $2 18
100 1 _aWhite, Michael
245 0 0 _aPermanent and transitory components in local housing market dynamics
_h[electronic resource]
260 _aLondon
_bRICS
_c2009
490 0 _aRICS Findings in Built and Rural Environments
520 _aLooks at the movement of house prices in Aberdeen over a 23 year period to assess the most important economic factors which affect house prices, and how these factors impact on low, medium and high price neighbourhoods. Suggests that not all housing areas within the city behave in the same way, although there are some common trends, and that the gap between the richest and poorest housing market areas within the city appears to be growing.
521 _aAdvanced
590 _aKA
651 4 _aAberdeen
690 _aPROPERTY-RESIDENTIAL PROPERTY-RESIDENTIAL PROPERTY MARKET
856 4 0 _uhttps://www.rics.org/site/scripts/download_info.aspx?downloadID=3140
_zBroken link - not available
942 _n0
999 _c109637
_d109637